000 00492nam a2200169Ia 4500
008 230917s9999||||xx |||||||||||||| ||und||
020 _cRS650
040 _e243931
_aMAIN
041 _aEnglish
082 _a785.0954 B469H
100 _aBhriguvanshi, Rachana
245 0 _aHindustani shastriya sangeet mein tantra-vadan shailiyan
260 _aNew Delhi
_bKanishika Publishers
_c2014
300 _axvi, 237 p.
500 _a2973 12/12/2017 HBD18/7114 12/12/2017 Main Budget
942 _cBK
999 _c24985
_d24985